|
|
|
|
| LEADER |
00000cam a2200000 7i4500 |
| 001 |
0000014719 |
| 005 |
20080730.0 |
| 008 |
080305 |
| 020 |
|
|
|a 0440218713
|
| 090 |
0 |
0 |
|a 403
|b DEL
|
| 245 |
1 |
4 |
|a The dell crossword dictionary
|c originally compiled by Kathleen Rafferty
|
| 260 |
|
|
|a New York :
|b Dell Publishing ,
|c 2002
|
| 650 |
|
0 |
|a Crossword puzzles
|x Dictionaries
|
| 650 |
|
0 |
|a Rafferty, Kathleen
|
| 650 |
|
0 |
|a Williamsm Wayne Robert
|
| 700 |
0 |
|
|a Kathleen Rafferty
|
| 999 |
|
|
|a 0001011790
|b Book
|c REFERENCE
|e Perbadanan Perpustakaan Awam Johor
|
| 999 |
|
|
|a 0001011791
|b Book
|c REFERENCE
|e Perbadanan Perpustakaan Awam Johor
|